1・2桁国道地図クイズ - Statistics

General Stats
  • This quiz has been taken 562 times
  • The average score is 23 of 58
Answers on the Map
Answers color-coded by a green-red scale on the quiz's map according to % correct below.
 
Answer Stats
Answer % Correct
1号
88%
4号
84%
2号
81%
3号
74%
5号
72%
6号
69%
8号
63%
9号
60%
7号
58%
16号
54%
58号
53%
20号
52%
10号
51%
17号
51%
19号
46%
13号
44%
18号
44%
14号
43%
15号
43%
11号
42%
12号
40%
23号
40%
25号
40%
50号
38%
45号
34%
51号
34%
24号
32%
26号
32%
40号
31%
42号
31%
21号
30%
22号
30%
41号
30%
48号
30%
49号
30%
28号
28%
30号
28%
36号
28%
47号
28%
52号
28%
27号
27%
29号
27%
34号
27%
37号
27%
38号
27%
46号
27%
31号
26%
35号
26%
39号
26%
44号
26%
57号
26%
56号
25%
32号
23%
33号
23%
54号
23%
55号
23%
43号
22%
53号
21%
No matching quizzes found
Score Distribution
Percent of People with Each Score
Percentile by Number Answered
Your Score History
You have not taken this quiz